00589nam a2200181Ia 4500952012500000999001300125003000400138005001700142008004100159040000900200082001500209100003800224245004700262260004200309300000900351650001100360942003600371 00102ddc40708ISLAMaMESbMEScARBd2019-02-20g9.00l0o297 MAK/Ip6333r2019-02-20 00:00:00w2019-02-20yREFzU16R1 c162d162OSt20210902100449.0190216s9999||||xx |||||||||||||| ||und|| coclc a297bMAK/I aMakhdums, Shaykh Zainuddin 92239 0aIrshadul Ibad /cShaykh Zainuddin Makhdums bMatbhaat Bhayamiyya,aParappanangadi: a240p aArabic cBK2ddch297iMAK/Ik297mMAK/I